| 000 | 00676nam a2200229Ia 4500 | ||
|---|---|---|---|
| 003 | OSt | ||
| 005 | 20221006154742.0 | ||
| 006 | a|||||r|||| 00| 0 | ||
| 007 | ta | ||
| 008 | 221006b |||||||| |||| 00| 0 eng d | ||
| 024 | _a39,199 | ||
| 037 | _cTextual | ||
| 040 |
_aEASL _cEASL _beng |
||
| 041 |
_2eng _aeng |
||
| 082 | _aV41:1942.P03, P3 | ||
| 100 |
_aHagstrom Linus _9667328 |
||
| 245 | 0 |
_aEnigmatic Power? _b Relational power analysis and statecraft in Japan's China policy |
|
| 260 |
_aStocholm _bStocholm University _c2003 |
||
| 300 |
_axv,246p. _ccm. |
||
| 942 |
_hV41:1942.P03, P3 _cTEXL _2CC |
||
| 999 |
_c1107285 _d1107285 |
||